书目信息 |
| 题名: |
综合英语(一)下册自学辅导
|
|
| 作者: | 谭福红 主编 | |
| 分册: | ||
| 出版信息: | 北京 中国水利水电出版社 2001.09 |
|
| 页数: | 355页 | |
| 开本: | 20cm | |
| 丛书名: | ||
| 单 册: | ||
| 中图分类: | H31 | |
| 科图分类: | ||
| 主题词: | 英语 | |
| 电子资源: | ||
| ISBN: | 7-5084-0781-4 | |
| 000 | 00570nam0 2200193 45 | |
| 001 | 0254480055 | |
| 005 | 2002041115080005 | |
| 010 | @a7-5084-0781-4@dRMB 15.00 | |
| 100 | @a20020411d2001 km y0chiy0120 ea | |
| 101 | 0 | @achi |
| 102 | @aCN@b110000 | |
| 200 | 1 | @a综合英语(一)下册自学辅导@Azong he ying yu(yi)xia ce zi xue fu dao@f谭福红主编@Ftan fu hong zhu bian |
| 210 | @a北京@c中国水利水电出版社@d2001.09 | |
| 215 | @a355页@d20cm | |
| 606 | 0 | @a英语 |
| 690 | @aH31@v3 | |
| 701 | 0 | @a谭福红@Atan fu hong@4主编 |
| 801 | 0 | @aCN@bPFT@c20020411 |
| 905 | @a10447@dH31@eT100:1:2 | |
| 综合英语(一)下册自学辅导/谭福红主编.-北京:中国水利水电出版社,2001.09 |
| 355页;20cm |
| ISBN 7-5084-0781-4:RMB 15.00 |
| ● |
| 相关链接 |
|
|
|
正题名:综合英语(一)下册自学辅导
索取号:H31/T100:1:2
 
预约/预借
| 序号 | 登录号 | 条形码 | 馆藏地/架位号 | 状态 | 备注 |
| 1 | 353540 | 203535406 | 语言库209/209语言库 86排3列3层/ [索取号:H31/T100:1:2] | 在馆 | |
| 2 | 353541 | 203535415 | 语言库209/209语言库 86排3列3层/ [索取号:H31/T100:1:2] | 在馆 |